000 00501nam a2200193Ia 4500
003 GCL
008 140319s9999 xx 000 0 eng d
040 _aGCL /
_cGCL
082 0 4 _a302
_bW G
100 1 _aWILKE, HENKA M.
245 1 0 _aGROUP PERFORMANCE /
_cWILKE, HENKA M.
700 1 _aMEERTENS, ROEL W.
260 _a[S.N] :
_bROUTLEDGE ،
_c1994
300 _a215 P
650 0 4 _aنانسى ريجان
650 0 4 _aSOCIAL GROUPS
650 0 4 _aINTERCULTURAL COMMUNICATION
942 _2ddc
_cBK
999 _c24121
_d24121